[Event "Montreal Mercredi 02"]
[Site "Montreal"]
[Date "2013.03.06"]
[Round "3"]
[White "Dumouchel, Alain"]
[Black "Gilniat, Geoffrey"]
[Result "0-1"]
[WhiteElo "1975"]
[BlackElo "1966"]
[PlyCount "64"]
[EventDate "2013.02.20"]
[EventType "swiss"]
[EventRounds "5"]
[EventCountry "CAN"]
[SourceTitle "EXT 2014"]
[Source "ChessBase"]
[SourceDate "2013.11.20"]
[SourceVersion "1"]
[SourceVersionDate "2013.11.20"]
[SourceQuality "1"]

1. e4 d6 2. d4 Nf6 3. Nc3 g6 4. Nf3 Bg7 5. h3 c5 6. Be3 cxd4 7. Nxd4 Bd7 8. Be2 Nc6 9. 0-0 a6 10. f4 0-0 11. Bf3 Rc8 12. Kh1 Nxd4 13. Bxd4 Bc6 14. Qe1 e6 15. Rd1 Qe7 16. Qe3 Rfd8 17. Bb6 Rd7 18. a4 Ne8 19. Rd3 Nc7 20. e5 d5 21. Bc5 Qh4 22. Kh2 Bh6 23. g3 Qd8 24. Rfd1 Bf8 25. b4 Bxc5 26. bxc5 Ne8 27. Rd4 Qa5 28. f5 Qxc5 29. fxe6 fxe6 30. Bg4 Ng7 31. R1d2 Rf7 32. Qg1 Qxc3 0-1

[Event "Montreal Mercredi 01"]
[Site "Montreal"]
[Date "2013.01.30"]
[Round "4"]
[White "Cloutier, Mathieu"]
[Black "Gilniat, Geoffrey"]
[Result "0-1"]
[WhiteElo "2042"]
[BlackElo "1967"]
[PlyCount "76"]
[EventDate "2013.01.09"]
[EventType "swiss"]
[EventRounds "5"]
[EventCountry "CAN"]
[SourceTitle "EXT 2014"]
[Source "ChessBase"]
[SourceDate "2013.11.20"]
[SourceVersion "1"]
[SourceVersionDate "2013.11.20"]
[SourceQuality "1"]

1. e4 d6 2. d4 Nf6 3. Nc3 g6 4. f4 Bg7 5. Nf3 c5 6. Bb5+ Bd7 7. e5 Ng4 8. Ng5 Bxb5 9. Nxb5 Qa5+ 10. Nc3 cxd4 11. Qxg4 Nc6 12. Bd2 dxc3 13. Bxc3 Qc5 14. 0-0-0 0-0 15. e6 f6 16. Nh3 f5 17. Qf3 Bxc3 18. bxc3 Rf6 19. Ng5 Rc8 20. h4 h5 21. Rh3 Nd8 22. Rg3 Kg7 23. Rd5 Qa3+ 24. Kd2 Rc5 25. Rxd6 Rxc3 26. Qxc3 Qxd6+ 27. Ke3 Nxe6 28. Qe5 Qc5+ 29. Qxc5 Nxc5 30. Rf3 Ra6 31. Kd4 Ne6+ 32. Nxe6+ Rxe6 33. Rc3 Kf6 34. Rc7 Re4+ 35. Kd5 Rb4 36. c4 a5 37. a3 Rb3 38. Rc5 Rd3# 0-1

[Event "FRA-ch U16"]
[Site "Hyeres"]
[Date "2002.??.??"]
[Round "2.4"]
[White "Gilniat, Geoffrey"]
[Black "Gregoire, Sylvain"]
[Result "0-1"]
[WhiteElo "2031"]
[BlackElo "2182"]
[PlyCount "94"]
[EventDate "2002.04.05"]
[EventType "swiss"]
[EventRounds "9"]
[EventCountry "FRA"]
[SourceTitle "EXT 2003"]
[Source "ChessBase"]
[SourceDate "2002.11.25"]
[SourceVersion "1"]
[SourceVersionDate "2002.11.25"]
[SourceQuality "1"]

1. e4 c5 2. Nc3 Nc6 3. f4 e6 4. Nf3 d5 5. Bb5 Nge7 6. d3 d4 7. Bxc6+ Nxc6 8. Ne2 Be7 9. 0-0 0-0 10. Ng3 Bd7 11. Bd2 b5 12. Be1 Qc7 13. f5 exf5 14. Nxf5 Bxf5 15. exf5 Bf6 16. Bg3 Qb6 17. Nd2 Rfe8 18. Ne4 Nb4 19. Bf2 Rad8 20. Qe2 Qc6 21. Rfe1 Nd5 22. Kh1 h6 23. Qf3 Be5 24. a3 a6 25. Rac1 Bf4 26. Ra1 Re5 27. Ng3 Qc7 28. Re4 Be3 29. Nf1 Bxf2 30. Qxf2 Rde8 31. Rae1 Nf6 32. Rxe5 Rxe5 33. h3 Qe7 34. Rxe5 Qxe5 35. Ng3 c4 36. Kg1 Nd5 37. Ne4 Nf4 38. Qf1 Qxf5 39. Nd6 Nxh3+ 40. gxh3 Qg6+ 41. Qg2 Qxd6 42. Qa8+ Kh7 43. Qe4+ Qg6+ 44. Qxg6+ Kxg6 45. dxc4 bxc4 46. Kf2 Kf5 47. Kf3 Ke5 0-1